000 00335nam a2200145Ia 4500
005 20251222143303.0
008 251222s9999||||xx |||||||||||||| ||spa||
020 _a84-8239-572-6
082 _a274.6/G82
100 _aGrousset, René
245 0 _aLa Epopeya de las Cruzadas
250 _a2a.ed.
264 _bPalabra
942 _cLIB
999 _c15429
_d15429